[Event "II HSL Istok 2015"]
[Site "Dalj, Vukovar, Zupanja, Oraho"]
[Date "2016.05.14"]
[Round "5.56"]
[White "Crnogorac, Radovan"]
[Black "Masirevic, Nikola"]
[Result "1/2-1/2"]
[WhiteElo "1835"]
[BlackElo "1833"]
[PlyCount "79"]
[EventDate "2016.04.16"]
[EventType "tourn"]
[EventRounds "11"]
[Source "Croatia"]
[SourceDate "2016.04.16"]

1. d4 d5 2. c4 e6 3. Nf3 Nf6 4. Bg5 Be7 5. e3 h6 6. Bxf6 Bxf6 7. Nc3 O-O 8. Be2
b6 9. cxd5 exd5 10. b4 Be6 11. O-O c5 12. bxc5 bxc5 13. Rc1 cxd4 14. Nxd4 Nd7
15. Ncb5 Bxd4 16. Qxd4 Nb6 17. Rfd1 Qg5 18. f4 Qh4 19. g3 Qh3 20. Bf1 Qg4 21.
Bg2 h5 22. Nc7 Rad8 23. Qd2 h4 24. gxh4 Qxh4 25. Nxe6 fxe6 26. Rf1 Nc4 27. Qe2
Rb8 28. Rb1 Qh7 29. Rb3 a5 30. e4 Qg6 31. f5 Qf6 32. exd5 Qd4+ 33. Kh1 Rxb3 34.
Qxe6+ Kh8 35. axb3 Ne3 36. Rg1 Nxg2 37. Rxg2 Qd1+ 38. Rg1 Qf3+ 39. Rg2 Qf1+ 40.
Rg1 1/2-1/2

[Event "II HSL Istok 2015"]
[Site "Dalj, Vukovar, Zupanja, Oraho"]
[Date "2016.05.14"]
[Round "5.61"]
[White "Bosnjak, Nino"]
[Black "Rosic, Slavko"]
[Result "1/2-1/2"]
[WhiteElo "2136"]
[BlackElo "2253"]
[PlyCount "104"]
[EventDate "2016.04.16"]
[EventType "tourn"]
[EventRounds "11"]
[Source "Croatia"]
[SourceDate "2016.04.16"]

1. e4 c5 2. Nf3 d6 3. Bb5+ Nc6 4. O-O Bd7 5. c4 Nf6 6. Nc3 g6 7. d4 cxd4 8.
Nxd4 Bg7 9. h3 O-O 10. Be3 a6 11. Ba4 Nxd4 12. Bxd4 Bxa4 13. Qxa4 Nxe4 14. Bxg7
Nc5 15. Qd1 Kxg7 16. Nd5 e6 17. Qd4+ e5 18. Qc3 Ne6 19. f4 f6 20. Rf2 Nxf4 21.
Nxf4 exf4 22. Rxf4 Rc8 23. Qd4 Rc5 24. Rd1 Re5 25. Qxd6 Re1+ 26. Rf1 Rxf1+ 27.
Kxf1 Qa5 28. Qe6 Rf7 29. Rd7 Rxd7 30. Qxd7+ Kh6 31. Qxb7 Qf5+ 32. Kg1 Qc5+ 33.
Kh2 Qxc4 34. b3 Qf4+ 35. Kg1 Qd4+ 36. Kh2 Qe5+ 37. g3 Qd6 38. Qe4 Qb6 39. Qc2
Kg7 40. Qb2 h5 41. h4 Kh6 42. b4 Qc6 43. a3 Kg7 44. Qe2 Qd6 45. Qb2 Qc6 46. Qe2
Kf7 47. Qa2+ Qe6 48. Qc2 Qd6 49. Qa2+ Ke7 50. Qe2+ Kf7 51. Qa2+ Qe6 52. Qc2 Qd6
1/2-1/2

[Event "II HSL Istok 2015"]
[Site "Dalj, Vukovar, Zupanja, Oraho"]
[Date "2016.05.14"]
[Round "5.62"]
[White "Dulic, Grgur"]
[Black "Skelac, Darko"]
[Result "0-1"]
[WhiteElo "2248"]
[BlackElo "2135"]
[PlyCount "68"]
[EventDate "2016.04.16"]
[EventType "tourn"]
[EventRounds "11"]
[Source "Croatia"]
[SourceDate "2016.04.16"]

1. e4 c5 2. Nc3 d6 3. f4 Nc6 4. Nf3 g6 5. Bc4 Na5 6. Be2 Bg7 7. O-O e6 8. d4
cxd4 9. Nxd4 a6 10. f5 Nf6 11. fxg6 fxg6 12. Be3 O-O 13. Qd2 Nc6 14. Rad1 Ne5
15. h3 b5 16. a3 Qd7 17. Nf3 Qb7 18. Nxe5 dxe5 19. Bf3 b4 20. axb4 Qxb4 21. Ra1
Bb7 22. Ra4 Qe7 23. Rd1 Rfd8 24. Qe2 Rxd1+ 25. Qxd1 Rc8 26. Kh2 Rc6 27. Qf1 Qd7
28. Rb4 Qc7 29. Qf2 Rc4 30. Rb6 Bc8 31. Qd2 Rd4 32. Bxd4 exd4+ 33. e5 Qxb6 34.
exf6 Qc7+ 0-1

[Event "II HSL Istok 2015"]
[Site "Dalj, Vukovar, Zupanja, Oraho"]
[Date "2016.05.14"]
[Round "5.63"]
[White "Stanic, Ivica"]
[Black "Babic, Andrija"]
[Result "1-0"]
[WhiteElo "2003"]
[BlackElo "2069"]
[PlyCount "155"]
[EventDate "2016.04.16"]
[EventType "tourn"]
[EventRounds "11"]
[Source "Croatia"]
[SourceDate "2016.04.16"]

1. c4 e5 2. Nc3 Nf6 3. d3 Bc5 4. h3 h6 5. a3 O-O 6. Nf3 d6 7. Bd2 a6 8. e3 Nc6
9. Be2 Re8 10. b4 Ba7 11. b5 axb5 12. cxb5 Ne7 13. O-O Be6 14. Qc2 Ng6 15. Rfc1
Bb6 16. Na4 Ba5 17. Nb2 Re7 18. Bc3 Ne8 19. a4 Bd5 20. Bxa5 Rxa5 21. Qc3 c5 22.
Nd2 b6 23. Bh5 Nf8 24. Nbc4 Ra8 25. Bf3 Bxf3 26. Nxf3 Nf6 27. e4 Ne6 28. a5
bxa5 29. Rxa5 Nf4 30. Rc2 Rea7 31. Rxa7 Rxa7 32. b6 Ra4 33. Rb2 Rb4 34. g3 Rxb2
35. Qxb2 Nxd3 36. Qd2 Nb4 37. Qxd6 Qxd6 38. Nxd6 Nd7 39. b7 Nc6 40. Nd2 Kf8 41.
N2c4 g6 42. f4 f6 43. Kf2 Ke7 44. Ke3 Ke6 45. g4 exf4+ 46. Kxf4 Nde5 47. h4 g5+
48. Kg3 Nb8 49. h5 Nxc4 50. Nxc4 Nc6 51. Kf3 Kd7 52. e5 fxe5 53. Ke4 Kc7 54.
Kd5 Kxb7 55. Nd6+ Kc7 56. Nf7 Kd7 57. Nxh6 c4 58. Kxc4 Ke6 59. Nf5 Kf6 60. Ng3
e4 61. Kd5 Ne7+ 62. Kxe4 Ng8 63. Nf5 Kf7 64. Ke5 Nf6 65. Ne3 Kg7 66. Kf5 Nh7
67. Nc4 Kh6 68. Ne5 Kg7 69. Ke6 Nf8+ 70. Ke7 Nh7 71. Nd7 Kh6 72. Nf6 Nf8 73.
Kf7 Ng6 74. Ng8+ Kh7 75. hxg6+ Kh8 76. g7+ Kh7 77. Nf6+ Kh6 78. g8=N# 1-0

[Event "II HSL Istok 2015"]
[Site "Dalj, Vukovar, Zupanja, Oraho"]
[Date "2016.05.14"]
[Round "5.64"]
[White "Egerc, Josip"]
[Black "Zagorscak, Dino"]
[Result "1-0"]
[WhiteElo "2029"]
[BlackElo "1765"]
[PlyCount "136"]
[EventDate "2016.04.16"]
[EventType "tourn"]
[EventRounds "11"]
[Source "Croatia"]
[SourceDate "2016.04.16"]

1. e4 e6 2. d4 d5 3. exd5 exd5 4. c4 c6 5. Nc3 Nf6 6. Bg5 Be7 7. c5 Bf5 8. Bd3
Bxd3 9. Qxd3 O-O 10. Nf3 Re8 11. O-O Nbd7 12. b4 a6 13. a4 Nh5 14. Be3 g6 15.
b5 Qc7 16. b6 Qb8 17. Qd2 Bf8 18. Bh6 Bg7 19. g3 Qd8 20. Rae1 Qf6 21. Kg2 Bxh6
22. Qxh6 Qg7 23. Qxg7+ Nxg7 24. Rxe8+ Rxe8 25. Re1 Rxe1 26. Nxe1 Ne6 27. Nc2 f6
28. Kf3 Kf7 29. Ke3 Ke7 30. Ne2 Kf7 31. Nc1 Ke7 32. Nb3 Nd8 33. Na5 Ke6 34. g4
h6 35. Nb4 Nb8 36. Nd3 g5 37. f4 Nd7 38. Nb4 Nb8 39. Nc2 f5 40. Kf3 gxf4 41.
Kxf4 fxg4 42. Kxg4 Kf6 43. h4 Kg6 44. h5+ Kf7 45. Ne3 Nd7 46. Nf5 Nf6+ 47. Kh4
Ne4 48. Nxh6+ Kf6 49. Ng4+ Kg7 50. Ne3 Kf6 51. Kg4 Nc3 52. Nf5 Ne2 53. h6 Kg6
54. h7 Kxh7 55. Kg5 Ne6+ 56. Kf6 N2xd4 57. Nxb7 Nxf5 58. Kxe6 Nd4+ 59. Kd6 Nb3
60. Kxc6 d4 61. Nd6 d3 62. Ne4 Kg6 63. b7 Na5+ 64. Kc7 Nxb7 65. Kxb7 Kf5 66.
Nf2 d2 67. c6 Kf4 68. c7 Ke3 1-0

[Event "II HSL Istok 2015"]
[Site "Dalj, Vukovar, Zupanja, Oraho"]
[Date "2016.05.15"]
[Round "6.21"]
[White "Saric, Sinisa"]
[Black "Bosnjak, Nino"]
[Result "1-0"]
[WhiteElo "2437"]
[BlackElo "2136"]
[PlyCount "87"]
[EventDate "2016.04.16"]
[EventType "tourn"]
[EventRounds "11"]
[Source "Croatia"]
[SourceDate "2016.04.16"]

1. d4 Nf6 2. c4 e6 3. Nc3 Bb4 4. Qc2 d5 5. cxd5 exd5 6. Nf3 O-O 7. Bg5 c6 8. e3
Re8 9. Bd3 h6 10. Bh4 Nbd7 11. O-O Be7 12. Bg3 Nf8 13. h3 Bd6 14. Ne5 Qe7 15.
Rae1 N8d7 16. f4 Nf8 17. Bh4 Qd8 18. Kh1 Be7 19. Bf2 Bb4 20. Re2 Bxc3 21. bxc3
Ne4 22. Be1 f6 23. Nf3 b5 24. g4 a5 25. Rg1 Ng6 26. Reg2 Ra7 27. Nd2 Qe7 28.
Nxe4 dxe4 29. Bf1 Nh8 30. h4 Nf7 31. f5 Ba6 32. Bg3 Qd7 33. Bf4 Kf8 34. Rg3 Qd5
35. g5 hxg5 36. hxg5 Ke7 37. gxf6+ gxf6 38. Rh3 Raa8 39. Rgg3 Rg8 40. Bg2 Rxg3
41. Rxg3 Rh8+ 42. Kg1 Qxf5 43. Bxe4 Qh5 44. Bxc6 1-0

[Event "II HSL Istok 2015"]
[Site "Dalj, Vukovar, Zupanja, Oraho"]
[Date "2016.05.15"]
[Round "6.22"]
[White "Skelac, Darko"]
[Black "Licina, Zoran"]
[Result "0-1"]
[WhiteElo "2135"]
[BlackElo "2204"]
[PlyCount "56"]
[EventDate "2016.04.16"]
[EventType "tourn"]
[EventRounds "11"]
[Source "Croatia"]
[SourceDate "2016.04.16"]

1. Nf3 d5 2. g3 g6 3. Bg2 Bg7 4. O-O e5 5. d3 Ne7 6. e4 O-O 7. Nc3 h6 8. Re1 d4
9. Ne2 c5 10. a4 Be6 11. Nh4 Nbc6 12. f4 Qd7 13. Bd2 a6 14. a5 c4 15. Ra3 Qd6
16. Ra4 Qc5 17. Qc1 cxd3 18. cxd3 Qb5 19. Ra3 Rac8 20. Qb1 Nb4 21. Bxb4 Qxb4
22. Nf3 Bg4 23. Nxe5 Bxe5 24. fxe5 Rc2 25. Nf4 Rxb2 26. Qa1 g5 27. Rf1 gxf4 28.
gxf4 Qd2 0-1

[Event "II HSL Istok 2015"]
[Site "Dalj, Vukovar, Zupanja, Oraho"]
[Date "2016.05.15"]
[Round "6.23"]
[White "Ljikar, Zoran"]
[Black "Stanic, Ivica"]
[Result "1-0"]
[WhiteElo "2253"]
[BlackElo "2003"]
[PlyCount "107"]
[EventDate "2016.04.16"]
[EventType "tourn"]
[EventRounds "11"]
[Source "Croatia"]
[SourceDate "2016.04.16"]

1. e4 b6 2. d4 Bb7 3. Bd3 g6 4. Nc3 Bg7 5. Nf3 d6 6. Be3 Nd7 7. Qd2 Rc8 8. h4
h5 9. Ng5 Ngf6 10. f4 e5 11. dxe5 dxe5 12. f5 gxf5 13. exf5 Qe7 14. O-O-O O-O
15. Nge4 Bxe4 16. Bxe4 Nc5 17. Bxc5 Qxc5 18. Qg5 Qb4 19. Rde1 Rcd8 20. g4 Rd4
21. a3 Qc4 22. Bd3 Qc6 23. gxh5 Rg4 24. Qe3 Nxh5 25. Qe2 Qh6+ 26. Kb1 Rf4 27.
Reg1 c6 28. Rg5 Nf6 29. Rhg1 Ne8 30. Qxe5 Rxh4 31. f6 Nxf6 32. Rxg7+ Kh8 33.
Qe7 Qxg7 34. Rxg7 Kxg7 35. Qxa7 c5 36. Qxb6 c4 37. Qg1+ Rg4 38. Qf1 cxd3 39.
Qxd3 Rh8 40. a4 Rhh4 41. a5 Rd4 42. Qg3+ Rhg4 43. Qe5 Kg6 44. a6 Rd7 45. Qc5
Rg5 46. Qb6 Re5 47. a7 Re8 48. Ne4 Rd1+ 49. Ka2 Rxe4 50. a8=Q Rdd4 51. b3 Rf4
52. Qg8+ Kf5 53. Qxf7 Ke4 54. Qfxf6 1-0

[Event "II HSL Istok 2015"]
[Site "Dalj, Vukovar, Zupanja, Oraho"]
[Date "2016.05.15"]
[Round "6.24"]
[White "Kovacevic, Ivan"]
[Black "Tomerlin, Sinisa"]
[Result "0-1"]
[WhiteElo "1911"]
[BlackElo "2255"]
[PlyCount "60"]
[EventDate "2016.04.16"]
[EventType "tourn"]
[EventRounds "11"]
[Source "Croatia"]
[SourceDate "2016.04.16"]

1. d4 d6 2. c4 g6 3. Nf3 Bg7 4. e4 Nf6 5. Nc3 O-O 6. Be2 Bg4 7. O-O Nfd7 8. h3
Bxf3 9. Bxf3 Nc6 10. Be3 e5 11. d5 Nd4 12. Nb5 Qf6 13. Rc1 a6 14. Na3 c5 15.
Bg4 Qe7 16. Qd2 f5 17. Bxd4 cxd4 18. Bf3 Qh4 19. Qe2 Nc5 20. b4 fxe4 21. Bg4
Nd3 22. Rb1 h5 23. g3 Qf6 24. Be6+ Kh7 25. Qxe4 Qf3 26. Qxf3 Rxf3 27. Rb3 Raf8
28. Nb1 Bh6 29. Na3 e4 30. Nc2 Be3 0-1

[Event "II HSL Istok 2015"]
[Site "Dalj, Vukovar, Zupanja, Oraho"]
[Date "2016.05.15"]
[Round "6.31"]
[White "Lajthajm, Borko"]
[Black "Miranovic, Rajko"]
[Result "1/2-1/2"]
[WhiteElo "2435"]
[BlackElo "2401"]
[PlyCount "110"]
[EventDate "2016.04.16"]
[EventType "tourn"]
[EventRounds "11"]
[Source "Croatia"]
[SourceDate "2016.04.16"]

1. d4 d5 2. c4 e6 3. Nc3 Be7 4. Nf3 Nf6 5. cxd5 exd5 6. Qc2 O-O 7. Bf4 c6 8. e3
Nbd7 9. Bd3 Re8 10. O-O-O Nf8 11. h3 a5 12. g4 a4 13. g5 Nh5 14. Be5 a3 15. b3
Qa5 16. Kb1 g6 17. Rc1 Be6 18. Ne2 Nd7 19. Nf4 Nxe5 20. Nxe5 Nxf4 21. exf4 Qb4
22. Nf3 Bf8 23. f5 Bd7 24. Ne5 Bxf5 25. Bxf5 Qxd4 26. Nf3 Qb2+ 27. Qxb2 axb2
28. Rc2 gxf5 29. Kxb2 Re4 30. h4 Ba3+ 31. Kc3 Rae8 32. Kd3 c5 33. Kd2 Re2+ 34.
Kd1 Rxc2 35. Kxc2 Re2+ 36. Kd3 Rxf2 37. Ke3 Rxa2 38. Kf4 c4 39. bxc4 dxc4 40.
Rd1 Kf8 41. Rd8+ Ke7 42. Rc8 Bd6+ 43. Kxf5 Ra4 44. Ke4 c3+ 45. Kd3 Rf4 46. Ke3
Kd7 47. Rxc3 b5 48. Rd3 Ra4 49. Rd5 b4 50. Nd4 Ra6 51. Rb5 Kc8 52. Kd3 Ra7 53.
Nf5 Bf8 54. Ne3 Rb7 55. Rxb7 Kxb7 1/2-1/2

[Event "II HSL Istok 2015"]
[Site "Dalj, Vukovar, Zupanja, Oraho"]
[Date "2016.05.15"]
[Round "6.32"]
[White "Pavlovic, Dragan"]
[Black "Majeric, Zoran"]
[Result "0-1"]
[WhiteElo "2253"]
[BlackElo "2235"]
[PlyCount "82"]
[EventDate "2016.04.16"]
[EventType "tourn"]
[EventRounds "11"]
[Source "Croatia"]
[SourceDate "2016.04.16"]

1. d4 Nf6 2. Nf3 e6 3. Bg5 c5 4. e3 Be7 5. Nbd2 cxd4 6. exd4 b6 7. a4 Bb7 8.
Nc4 d6 9. Bd3 O-O 10. O-O Nc6 11. c3 Nd5 12. Bd2 Rc8 13. Re1 Nf6 14. Qe2 Re8
15. b4 Nb8 16. a5 b5 17. a6 Bxf3 18. Qxf3 bxc4 19. Bc2 Nbd7 20. Ba4 d5 21. Bf4
Rf8 22. Bc2 Re8 23. Qh3 Nf8 24. Ba4 Ng6 25. Bc1 Rf8 26. Bc2 Bd6 27. Bg5 Bf4 28.
Bxf6 Qxf6 29. Re2 Bc7 30. g3 e5 31. Rd1 exd4 32. Rxd4 Rcd8 33. Qh5 Bb6 34. Rxd5
Rxd5 35. Qxd5 Qxc3 36. Kg2 Qxb4 37. h4 Rd8 38. Qe4 Nf8 39. h5 h6 40. Qb7 Qc5
41. Kh3 Qxh5+ 0-1

[Event "II HSL Istok 2015"]
[Site "Dalj, Vukovar, Zupanja, Oraho"]
[Date "2016.05.15"]
[Round "6.33"]
[White "Radulovic, Bojan"]
[Black "Mladenovic, Velisa"]
[Result "1/2-1/2"]
[WhiteElo "2250"]
[BlackElo "2099"]
[PlyCount "192"]
[EventDate "2016.04.16"]
[EventType "tourn"]
[EventRounds "11"]
[Source "Croatia"]
[SourceDate "2016.04.16"]

1. e4 e5 2. d4 exd4 3. Qxd4 Nc6 4. Qe3 d6 5. Nc3 g6 6. Bc4 Bg7 7. Nge2 Nf6 8.
h3 Be6 9. Bb3 Bxb3 10. axb3 a6 11. Bd2 Qe7 12. O-O-O O-O-O 13. Rhe1 d5 14. exd5
Nxd5 15. Nxd5 Rxd5 16. Qxe7 Nxe7 17. Nf4 Rd7 18. Nd3 Nc6 19. f4 Re7 20. Rxe7
Nxe7 21. Re1 Nc6 22. g4 b6 23. f5 Kd7 24. f6 Bxf6 25. Rf1 Be7 26. Rxf7 Nd8 27.
Rf1 Nc6 28. Bh6 Ke8 29. Nf4 Bf8 30. Bg5 Be7 31. Re1 Kf7 32. Bxe7 Nxe7 33. Ne6
c6 34. Ng5+ Ke8 35. Rf1 h6 36. Nf7 Rh7 37. Ne5 h5 38. g5 h4 39. Ng4 Rf7 40.
Nf6+ Kf8 41. Re1 Kg7 42. Re6 a5 43. c4 b5 44. Kd2 bxc4 45. bxc4 c5 46. Nd7 Nc8
47. Ne5 Rf2+ 48. Kc1 Rf5 49. Rxg6+ Kh7 50. Rh6+ Kg7 51. Nd7 Rxg5 52. Rxh4 Kf7
53. b3 Ke6 54. Nf8+ Ke7 55. Nh7 Rg3 56. Kb2 Nb6 57. Rh6 Nd7 58. h4 Ne5 59. Ng5
Nd3+ 60. Ka3 Nc1 61. Rh7+ Ke8 62. Ka4 Rxb3 63. Kxa5 Rb4 64. Ne4 Kf8 65. Nd2 Kg8
66. Rd7 Nb3+ 67. Nxb3 Rxc4 68. h5 Rh4 69. Rd5 Kh7 70. Nxc5 Kh6 71. Kb6 Rxh5 72.
Rd1 Rg5 73. Kc6 Rg2 74. Kd6 Kg6 75. Rf1 Rd2+ 76. Ke5 Re2+ 77. Ne4 Kg7 78. Ra1
Kg6 79. Ra6+ Kf7 80. Rf6+ Ke7 81. Re6+ Kd7 82. Kd5 Rh2 83. Nc5+ Kc7 84. Re7+
Kb6 85. Rb7+ Ka5 86. Ne4 Rh5+ 87. Kc6 Rh6+ 88. Nd6 Ka4 89. Kd5 Rh5+ 90. Kd4
Rh4+ 91. Ne4 Ka5 92. Rb2 Ka6 93. Kd5 Rh6 94. Nd6 Rh5+ 95. Kc6 Ka5 96. Rb1 Ka4
1/2-1/2

[Event "II HSL Istok 2015"]
[Site "Dalj, Vukovar, Zupanja, Oraho"]
[Date "2016.05.15"]
[Round "6.35"]
[White "Kitarovic, Mihajlo"]
[Black "Masirevic, Miroljub"]
[Result "1-0"]
[WhiteElo "2017"]
[BlackElo "1894"]
[PlyCount "105"]
[EventDate "2016.04.16"]
[EventType "tourn"]
[EventRounds "11"]
[Source "Croatia"]
[SourceDate "2016.04.16"]

1. d4 Nf6 2. Nf3 b6 3. c4 e6 4. Nc3 Bb7 5. Bg5 h6 6. Bh4 Bb4 7. e3 O-O 8. Be2
d6 9. O-O Bxc3 10. bxc3 Nbd7 11. Bd3 Qc8 12. Re1 Ne4 13. Qc2 f5 14. Nd2 Ndf6
15. Bxf6 Nxf6 16. d5 Ng4 17. f4 h5 18. h3 Nh6 19. Be2 Qe8 20. Bf3 e5 21. fxe5
dxe5 22. e4 f4 23. Qd1 g6 24. Be2 Qe7 25. a4 a5 26. Qc1 Nf7 27. Rf1 Ng5 28. Qa3
Qf6 29. Qb3 Bc8 30. Rad1 Bd7 31. d6 cxd6 32. c5+ Be6 33. Qxb6 dxc5 34. h4 Nh7
35. Nf3 Rfb8 36. Qxc5 Rc8 37. Qxe5 Rxc3 38. Qxf6 Nxf6 39. Rd6 Re8 40. Ng5 Re3
41. Bb5 Nxe4 42. Nxe4 Rxe4 43. Bxe8 Bc4 44. Rc1 f3 45. gxf3 Rxh4 46. Bxg6 Kg7
47. Be4 Bf7 48. Rc7 Rf4 49. Kg2 h4 50. Rg6+ Kf8 51. Rg4 Rf6 52. Rxh4 Rd6 53.
Rf4 1-0

[Event "II HSL Istok 2015"]
[Site "Dalj, Vukovar, Zupanja, Oraho"]
[Date "2016.05.15"]
[Round "6.36"]
[White "Vukajlovic, Zorana"]
[Black "Nikolic, Milenko"]
[Result "0-1"]
[WhiteElo "1746"]
[BlackElo "2016"]
[PlyCount "82"]
[EventDate "2016.04.16"]
[EventType "tourn"]
[EventRounds "11"]
[Source "Croatia"]
[SourceDate "2016.04.16"]

1. e4 g6 2. d4 Bg7 3. Nf3 d6 4. Nc3 Nd7 5. Be2 Ngf6 6. h3 a6 7. O-O O-O 8. Be3
b5 9. a3 Bb7 10. Bd3 e6 11. Re1 c5 12. dxc5 dxc5 13. Bg5 Qc7 14. Qd2 Rfe8 15.
Rad1 c4 16. Bf1 Nc5 17. Bf4 Qb6 18. e5 Rad8 19. Qe2 Nd5 20. Nxd5 Rxd5 21. g3
Red8 22. Bg2 Qc7 23. Rxd5 Bxd5 24. Rd1 Rd7 25. Nd2 Bxg2 26. Kxg2 Na4 27. Rb1 c3
28. b3 Nc5 29. Nf3 Rd5 30. Rd1 Qc6 31. Qe1 Rxd1 32. Qxd1 Nd7 33. Qd3 Bxe5 34.
Bxe5 Nxe5 35. Qd8+ Kg7 36. Qd4 Qxf3+ 37. Kf1 Qd5 38. Qxc3 f6 39. Qc7+ Qd7 40.
Qc3 Qc6 41. Qd2 h5 0-1

[Event "II HSL Istok 2015"]
[Site "Dalj, Vukovar, Zupanja, Oraho"]
[Date "2016.05.15"]
[Round "6.43"]
[White "Miletic, Josip"]
[Black "Berke, Ana"]
[Result "1/2-1/2"]
[WhiteElo "2176"]
[BlackElo "2130"]
[PlyCount "46"]
[EventDate "2016.04.16"]
[EventType "tourn"]
[EventRounds "11"]
[Source "Croatia"]
[SourceDate "2016.04.16"]

1. Nf3 c5 2. g3 Nc6 3. Bg2 g6 4. O-O Bg7 5. c4 e5 6. d3 Nge7 7. Nc3 d6 8. Bg5
f6 9. Bd2 Be6 10. Qc1 O-O 11. Bh6 b6 12. Bxg7 Kxg7 13. Nd2 d5 14. cxd5 Nxd5 15.
Re1 Qd7 16. Nc4 Rad8 17. Ne3 Nce7 18. a3 Nxe3 19. Qxe3 Nf5 20. Qe4 Nd4 21. Rac1
Bf5 22. Qb7 Nb3 23. Rcd1 Nd4 1/2-1/2

[Event "II HSL Istok 2015"]
[Site "Dalj, Vukovar, Zupanja, Oraho"]
[Date "2016.05.15"]
[Round "6.44"]
[White "Huis, Dinko"]
[Black "Abramovic, Darko"]
[Result "1-0"]
[WhiteElo "2165"]
[BlackElo "2144"]
[PlyCount "51"]
[EventDate "2016.04.16"]
[EventType "tourn"]
[EventRounds "11"]
[Source "Croatia"]
[SourceDate "2016.04.16"]

1. d4 d5 2. c4 Bf5 3. cxd5 Bxb1 4. Qa4+ c6 5. Rxb1 Qxd5 6. Nf3 Nd7 7. b4 Ngf6
8. e3 e6 9. Qc2 Be7 10. Bd3 e5 11. dxe5 Nxe5 12. Nxe5 Qxe5 13. O-O O-O 14. f4
Qc7 15. e4 Qb6+ 16. Kh1 h6 17. Qe2 Rfd8 18. e5 Nd5 19. Qe4 g6 20. Bd2 c5 21.
bxc5 Qe6 22. f5 gxf5 23. Rxf5 b6 24. Rbf1 Rf8 25. Rf6 Nxf6 26. Rxf6 1-0

[Event "II HSL Istok 2015"]
[Site "Dalj, Vukovar, Zupanja, Oraho"]
[Date "2016.05.15"]
[Round "6.45"]
[White "Zubak, Zeljko"]
[Black "Marjancevic, Slavko"]
[Result "0-1"]
[WhiteElo "2013"]
[BlackElo "2058"]
[PlyCount "90"]
[EventDate "2016.04.16"]
[EventType "tourn"]
[EventRounds "11"]
[Source "Croatia"]
[SourceDate "2016.04.16"]

1. d4 Nf6 2. c4 g6 3. Nc3 d5 4. cxd5 Nxd5 5. e4 Nxc3 6. bxc3 Bg7 7. Bc4 c5 8.
Ne2 Nc6 9. Be3 cxd4 10. cxd4 O-O 11. O-O Na5 12. Bd3 b6 13. Rc1 Bb7 14. Qa4 Qd6
15. Rfd1 Bc6 16. Qc2 Rac8 17. Ba6 Bb7 18. Qd3 Qd7 19. f3 Rxc1 20. Rxc1 Rc8 21.
Rxc8+ Qxc8 22. Bxb7 Qxb7 23. Qc3 Qa6 24. Kf2 Nc4 25. Qc2 b5 26. Bg5 Kf8 27. e5
Qb6 28. Kf1 Qc6 29. Kf2 a5 30. Qe4 Qxe4 31. fxe4 h6 32. Bc1 b4 33. Ke1 Ke8 34.
Kd1 Kd7 35. Kc2 Kc6 36. Kb3 Kb5 37. Kc2 e6 38. h3 Bf8 39. Kb3 a4+ 40. Kc2 Na5
41. g4 Kc4 42. h4 b3+ 43. axb3+ Nxb3 44. Bb2 a3 45. Bc3 a2 0-1

[Event "II HSL Istok 2015"]
[Site "Dalj, Vukovar, Zupanja, Oraho"]
[Date "2016.05.15"]
[Round "6.51"]
[White "Basic, Kresimir"]
[Black "Lalic, Kristijan"]
[Result "1-0"]
[WhiteElo "2082"]
[BlackElo "2273"]
[PlyCount "49"]
[EventDate "2016.04.16"]
[EventType "tourn"]
[EventRounds "11"]
[Source "Croatia"]
[SourceDate "2016.04.16"]

1. Nf3 d5 2. g3 Bg4 3. Bg2 e6 4. c4 c6 5. d4 Nd7 6. Nc3 Bd6 7. e4 dxe4 8. Nxe4
Be7 9. Qb3 Qb6 10. Bf4 Bxf3 11. Bxf3 Qb4+ 12. Ke2 Ngf6 13. Qxb4 Bxb4 14. Nd6+
Bxd6 15. Bxd6 O-O-O 16. Rac1 Rhe8 17. Rhd1 Nf8 18. Bc5 Kb8 19. Kf1 Ng6 20. h4
h5 21. Rc3 e5 22. dxe5 Rxd1+ 23. Bxd1 Nxe5 24. Re3 Re6 25. Rxe5 1-0

[Event "II HSL Istok 2015"]
[Site "Dalj, Vukovar, Zupanja, Oraho"]
[Date "2016.05.15"]
[Round "6.52"]
[White "Spoljar, Marijan"]
[Black "Vecera, Stjepan"]
[Result "1-0"]
[WhiteElo "2237"]
[BlackElo "2082"]
[PlyCount "106"]
[EventDate "2016.04.16"]
[EventType "tourn"]
[EventRounds "11"]
[Source "Croatia"]
[SourceDate "2016.04.16"]

1. e4 c6 2. d3 d5 3. Nd2 Nf6 4. g3 e6 5. Bg2 Be7 6. Ne2 O-O 7. O-O Nbd7 8. b3
Qc7 9. Bb2 b6 10. h3 Bb7 11. f4 c5 12. e5 Ne8 13. d4 g6 14. Rc1 Ng7 15. g4 Rac8
16. Nf3 c4 17. c3 a5 18. Ng3 f5 19. exf6 Rxf6 20. Ne5 Nxe5 21. dxe5 Rff8 22.
Qd2 b5 23. Ne2 Qb6+ 24. Kh2 cxb3 25. axb3 Bc5 26. Nd4 Bxd4 27. Qxd4 Qxd4 28.
cxd4 b4 29. Rc5 Rxc5 30. dxc5 Bc6 31. Ra1 Ra8 32. Bf1 Kf7 33. Bd3 Bd7 34. Bc1
Bc6 35. Bd2 Ra7 36. Bxb4 Rb7 37. Bxa5 Rxb3 38. Bf1 Rb2+ 39. Kg3 Rb7 40. Bb6 Rd7
41. Ba6 Ke8 42. Bd3 Kf7 43. Kh4 Ne8 44. f5 exf5 45. gxf5 Re7 46. e6+ Kg7 47.
Rg1 Kf6 48. Bd8 gxf5 49. Bxe7+ Kxe7 50. Bxf5 d4 51. Rd1 Ng7 52. Kg5 h5 53. Rxd4
Bg2 1-0

[Event "II HSL Istok 2015"]
[Site "Dalj, Vukovar, Zupanja, Oraho"]
[Date "2016.05.15"]
[Round "6.53"]
[White "Dermisek, Stipa"]
[Black "Sargac, Rajna"]
[Result "0-1"]
[WhiteElo "2081"]
[BlackElo "2174"]
[PlyCount "92"]
[EventDate "2016.04.16"]
[EventType "tourn"]
[EventRounds "11"]
[Source "Croatia"]
[SourceDate "2016.04.16"]

1. d4 e6 2. Nf3 d5 3. c4 Nf6 4. Bg5 Be7 5. Nc3 O-O 6. e3 b6 7. Rc1 Bb7 8. Bxf6
Bxf6 9. cxd5 exd5 10. b4 a5 11. b5 c5 12. bxc6 Nxc6 13. Be2 Be7 14. O-O Bb4 15.
Qb3 Ne7 16. Nb5 Ba6 17. a3 Bd6 18. Rfe1 Bxb5 19. Bxb5 Rc8 20. Ba6 Rc7 21. Rc3
Rxc3 22. Qxc3 Qa8 23. Bd3 Rc8 24. Qb2 Qc6 25. Qb1 Bxa3 26. Bxh7+ Kf8 27. Ne5
Qc1 28. Rxc1 Rxc1+ 29. Qxc1 Bxc1 30. Bd3 Nc8 31. Bb1 b5 32. Kf1 f6 33. Ng6+ Ke8
34. Nf4 Nb6 35. Ke2 Ke7 36. Ba2 Kd6 37. Kd1 Ba3 38. Nh5 a4 39. Nxg7 b4 40. Kc2
Nc4 41. Nf5+ Ke6 42. g4 Na5 43. Bb1 b3+ 44. Kc3 Bf8 45. Nh4 a3 46. Ng6 Bb4+ 0-1

[Event "II HSL Istok 2015"]
[Site "Dalj, Vukovar, Zupanja, Oraho"]
[Date "2016.05.15"]
[Round "6.54"]
[White "Cubelic, Milan"]
[Black "Sucurovic, Jure"]
[Result "1/2-1/2"]
[WhiteElo "2100"]
[BlackElo "1985"]
[PlyCount "143"]
[EventDate "2016.04.16"]
[EventType "tourn"]
[EventRounds "11"]
[Source "Croatia"]
[SourceDate "2016.04.16"]

1. e4 e6 2. d3 c5 3. Nc3 Nc6 4. g3 b6 5. Bg2 Bb7 6. Nge2 a6 7. O-O g6 8. f4
Nge7 9. e5 Nf5 10. Ne4 Be7 11. c3 d5 12. Nf2 h5 13. Bh3 Nh6 14. d4 Qd7 15. Be3
c4 16. Qd2 Bf8 17. Bg2 Nf5 18. h3 Bg7 19. Kh2 Nce7 20. Rab1 b5 21. Nh1 Nxe3 22.
Qxe3 Nf5 23. Qd2 Rc8 24. Ng1 Qe7 25. Nf3 Bh6 26. h4 O-O 27. Bh3 Rc7 28. Rfe1 a5
29. a3 Bc6 30. Bxf5 exf5 31. Nf2 Bd7 32. Nh3 Be6 33. Nhg5 Kg7 34. Re2 Rb8 35.
Ra1 Ra7 36. Ree1 Kg8 37. Ng1 Bf8 38. Ne2 Qb7 39. Kg2 Kg7 40. Kf2 Rba8 41. Nf3
Be7 42. Reb1 a4 43. Rh1 Rh8 44. Neg1 Raa8 45. Ne1 Rae8 46. Ngf3 Qb8 47. Nc2 Qc7
48. Ne3 Qc6 49. Qe2 Rd8 50. Ng5 Rh6 51. Qf3 Bxg5 52. fxg5 Rh7 53. Rhf1 Qd7 54.
Kg2 Kg8 55. Kh2 Qe7 56. Rf2 Kg7 57. Raf1 Qd7 58. Qg2 Rhh8 59. Rf4 Rdf8 60. R1f2
Rh7 61. Qf3 Kg8 62. Kg2 Kg7 63. Nc2 Kg8 64. Nb4 Ra8 65. Rf1 Ra7 66. Rh1 Kg7 67.
Qe3 Ra8 68. Rff1 Ra7 69. Rh2 Ra8 70. Rhh1 Rhh8 71. Qf4 Rhc8 72. Kf2 1/2-1/2